000 00511nam a2200169 i 4500
001 104174
003 ES-MaACL
007 t|
008 051124s1975 sp ||||1| spa d
100 1 _aMichener, James A.
_980937
245 1 0 _aHijos de Torremolinos /
_cpor James A. Michener; [traducción de Eduardo Mallorquí].
250 _a[7ª ed.].
260 _aBarcelona :
_bPlaza & Janés,
_c1975.
300 _a767 p. ;
_c20 cm.
700 1 _aMallorquí, Eduardo.
_975827
852 _aES-MaACL
_jE-7125
_bR.91561
999 _c104174
_d104174